000 00972nam a2200289 a 4500
001 57324
003 BD-RjUL
005 20211209080509.0
008 081216s1980 nyua b 001 0 eng
020 _a0060413263
035 _a(BD-RjUL) 57448
040 _aDLC
_cDLC
_dDLC
_dBD-RjUL
_beng
041 _aeng
082 0 0 _a361.1
_223
_bCOS 1980
100 1 _aColeman, James William,
_d1947-
_9170234
245 1 0 _aSocial problems /
_cJames William Coleman and Donald R. Cressey.
260 _aNew York :
_bHarper & Row,
_cc1980.
300 _axvii, 584 p. :
_bill. ;
_c24 cm.
504 _aIncludes bibliographical references and indexes.
650 0 _aSocial problems.
_9170236
650 0 _aSociology.
_9170250
650 0 _aSocial institutions.
_9170237
651 0 _aUnited States
_xSocial conditions
_y1980-
_9170238
651 0 _aUnited States
_xSocial policy
_y1980-1993.
_9170239
700 1 _aCressey, Donald Ray,
_d1919-
_ejoint author.
_9170240
942 _2ddc
_cBK
999 _c57324
_d57324